=LDR 00000nam 2200000 4500 =001 INLIS000000000018968 =005 20130612114101 =008 ***********************************Ind** =035 ##$$0010-061300000018968 =041 ##$$a Ind =082 ##$$a 353.01 =090 ##$$a 353.01, Mdr k =100 ##$$a Ndraha, Taliziduhu =245 ##$$a Kybernology (ilmu) pemerintahan baru, Taliziduhu Ndraha =260 ##$$a 2003 $b Jakarta =300 ##$$a ...jil, 23 cm =650 ##$$a Pemerintahan baru =850 ##$$a NBPNMAT